LEADER 01104cam0 22002413 450 001 SOB0000001439 005 20230726092707.0 100 $a20010206d1886 |||||ita|0103 ba 101 $aita 102 $aIT 200 1 $aSulla necessità ed i mezzi di uno stabile riordinamento dell'amministrazione finanziaria della Provincia$fConsiderazioni esposte verbalmente al Consiglio Provinciale del Principato Ulteriore dal suo Presidente P. S. Mancini nell'adunanza del 2 novembre 1886 210 $aAvellino$cTulimiero e C.$d1886 215 $a20 p.$d29 cm 700 1$aMancini$b, Pasquale Stanislao$3AF00004597$4070$0446854 801 0$aIT$bUNISOB$c20230726$gRICA 850 $aUNISOB 852 $aUNISOB$j340|Coll|5|K$m53208 912 $aSOB0000001439 940 $aM 102 Monografia moderna SBN 941 $aM 957 $a340|Coll|5|K$b000001$gSI$d53208$rACQUISTO$1Alfano$2UNISOB$3UNISOB$420230704094219.0$520230726092707.0$6Alfano$fFotocopia dell'originale 996 $aSulla necessità ed i mezzi di uno stabile riordinamento dell'amministrazione finanziaria della Provincia$91678732 997 $aUNISOB